000 00900nam a2200349Ia 4500
001 10023
005 20240113235200.0
007 ta
008 050730s1955 g b000 u eng u
040 _aCotton College Assam
041 _aeng
082 _a370.942
_bM 289 H
100 _aMazumdar, S.C. .
245 0 _aHistory of Modern English Education /
_cS.C. Mazumdar.
_hTextual Documents
250 _a2nd ed. /
260 _aCalcutta :
_bSribhumi Publishing Co. ,
_c1955.
300 _a172p. ;
_c18cm.
653 _aEducational History-
653 _aHistory-Modern English Education
653 _aMS-Education
653 _aG-Education
653 _aG-Education
653 _aT/G-
653 _aT/G-
653 _aT/G- Education
653 _aTG-Education
942 _2ddc
_cBK
999 _c10010
_d10010